000 00362nam a22001697a 4500
005 20160613164424.0
008 160613b xxu||||| |||| 00| 0 eng d
020 _a81-7866-737-1
041 _aeng
082 _b7294
100 _aRayudu, C.S.
_9754
245 _aCommunications
260 _bHPH
300 _a716
650 _aManagement
_9241
942 _cBK
999 _c2556
_d2555